| 000 | 012140000a22002890004500 | ||
|---|---|---|---|
| 003 | EG-GiCUC | ||
| 005 | 20250223025844.0 | ||
| 008 | 090523s1997 ua do f m 000 0 eng d | ||
| 040 |
_aEG-GiCUC _beng _cEG-GiCUC |
||
| 041 | 0 | _aEng | |
| 049 | _aDeposite | ||
| 097 | _aM.Sc | ||
| 099 | _aCai01.07.08.M.Sc.1997.Na.E | ||
| 100 | 0 | _aNabil Mohamed Emara Ahmed Elwekeel | |
| 245 | 1 | 0 |
_aEcological studies on certain natural enemies of maize and sorghum pests / _cNabil Mohamed Emara Ahmed Elwekeel ; Supervised K. T. Awadallah , H. Th.Farghaly , Zaki A. Ragab |
| 246 | 1 | 5 | _aدراسات بيئية على بعض الأعداء الطبيعية لآفات الذرة الشامية والرفيعة |
| 260 |
_aCairo : _bNabil Mohamed Emara Ahmed Elwekeel , _c1997 |
||
| 300 |
_a200Leaves : _bcharts , photographs ; _c30cm |
||
| 502 | _aThesis(M.Sc.) - Cairo University - Faculty of Agriculture - Department of Economic Entomology and Pesticides | ||
| 700 | 0 |
_aH. Th.Farghaly , _eSupervisor |
|
| 700 | 0 |
_aK. T. Awadallah , _eSupervisor |
|
| 700 | 0 |
_aZaki A. Ragab , _eSupervisor |
|
| 856 | _uhttp://172.23.153.220/th.pdf | ||
| 905 |
_aFatma _eCataloger |
||
| 905 |
_aNazla _eRevisor |
||
| 942 |
_2ddc _cTH |
||
| 999 |
_c22126 _d22126 |
||